| 000 | 00923nam a22002177a 4500 | ||
|---|---|---|---|
| 005 | 20171128162236.0 | ||
| 010 | _aUR-9844 | ||
| 020 | 6 | _c54.00 | |
| 035 | _aU-8399 | ||
| 037 | _bDBAD/PUB | ||
| 082 | _a270 | ||
| 100 | _aمو لا نا سید ا بو ا لا علی مو د و د ی | ||
| 245 |
_a د یینیا ت _cمو لا نا سید ا بو ا لا علی مو د و د ی |
||
| 246 |
_b _aDeeniyat |
||
| 250 | _aby Moulana Sayyid Abul A,la Maudoodi | ||
| 260 |
_a نئی د لی _bMerkazi Maktaba Islami Publishers _c2016 |
||
| 270 |
_aD307,Dawat Nagar,Abul Fazal Enclave,Jamia Nagar , _b New Delhi _e110025 _k01126971652 _l- |
||
| 300 |
_a116ص _c22 Cm.(B.b) |
||
| 500 | _aدو حصہ | ||
| 942 |
_2ddc _cUR _h270 _mا ب و _e |
||
| 999 |
_c146873 _d146873 |
||